=LDR 00000nam 2200000 4500 =001 INLIS000000000036650 =005 20130612142427 =008 ***********************************Ind** =035 ##$$0010-061300000036650 =041 ##$$a Ind =082 ##$$a 641.8 =090 ##$$a 641.8, Pur h =100 ##$$a Purwadi, Rina =245 ##$$a Hidangan favorit anak, kumpulan pujian pelengkap kebahagiaan ibu dan diary seorang anak, Rina Purwadi =260 ##$$a 2011 $b Jakarta =300 ##$$a 54 hlm, ilus, 24 cm =650 ##$$a Hidangan tambahan-resep =850 ##$$a NBPNMAT =990 ##$$a 0001/BPAP-NTB/20142014